Análisis comparativo de modelos de propagación en un sistema wimax 2.3 ghz y 3.5 Ghz.

se hace un análisis de desempeño comparativo de los diferentes modelos de propagación utilizados para la evaluación de un sistema wimax, comparando sus resultados con los valores preestablecidos por el estándar, a la vez analiza las posibilidades de utilización con sus diferentes tipos de te...

Full description

Bibliographic Details
Main Author: Ruiz Ibarra, Omar Alberto
Other Authors: Tutor: Hernández García, Enrique José
Format: Tesis Section = Libro
Language:Undetermined
Spanish
Published: Managua UNI 2014
Subjects:
LEADER 01096nam a2200229Ia 4500
008 240830s9999 xx 000 0 und d
040 |a BIBLIOTECA-RUSB/ Mon 384.57285 R934 
041 |a spa 
082 |a Mon 384.57285 R934 
100 1 |a Ruiz Ibarra, Omar Alberto 
245 1 0 |a Análisis comparativo de modelos de propagación en un sistema wimax 2.3 ghz y 3.5 Ghz. 
260 |a Managua  |b UNI  |c 2014 
300 |a 92 p. :il. 
500 |a Contiene: anexos e Incluye: CD. 
502 |a Tesis (Ingeniero en Computación) - UNI, 2014. 
520 3 |a se hace un análisis de desempeño comparativo de los diferentes modelos de propagación utilizados para la evaluación de un sistema wimax, comparando sus resultados con los valores preestablecidos por el estándar, a la vez analiza las posibilidades de utilización con sus diferentes tipos de terreno. 
650 7 |a TELECOMUNICACIONES - NICARAGUA SISTEMA DE TRANSMISION DE DATOS 
650 7 |b  RED DE TELECOMUNICACIONES - WIMAX 
700 1 |a Tutor:  |b Hernández García, Enrique José 
942 |c BK  |2 ddc 
991 |a TESIS 
999 |c 19963